Metropoles (>10 millions) les plus densément peuplées au monde - Statistiques

Statistiques générales
  • Ce quiz a été pris 235 fois
  • Le résultat moyen est 5 sur 10
Statistiques - réponses
densité de population (hab/KM2) Metropole % Correct
4 553 Tokyo
95%
9 339 Delhi
74%
4 409 Shanghai
72%
4 604 Mumbai
63%
4 010 Jakarta
49%
5 179 Hong Kong
44%
4 048 Seoul
43%
8 459 Calcutta
36%
18 093 Manille
35%
10 727 Karachi
26%
Aucun quiz correspondant
Distribution des résultats
% des personnes avec chaque résultat
Percentile par nombre de réponses
Votre historique - résultats
Vous n’avez pas pris ce quiz